000 00747nam a2200229 4500
003 OSt
005 20240716034052.0
006 a
008 240716b |||||||| |||| 00| 0 eng d
020 _a9710388882
040 _aDWCL-Main lib.
_cOC
082 _2The alternative edition
_aFil. 941.25 R627 2010
110 _aMaria Bernadette Austria de Jesus... [et al]
245 _aRizal the icon /
250 _aThe alternative edition
260 _aMandaluyong City :
_bBooks Atbp.,
_cc2010.
300 _axvi,
_b154 p. : ill. ;
_c22 cm.
504 _aIncludes bibliographical references.
650 _a1. Rizal, Jose – Biography.
650 _a2. Rizal, Jose–Literary works.
942 _2ddc
_n0
_cBK - FIL
_eThe alternative edition
_kFil.
999 _c2236
_d2236